All Stumble Guys Skin Colors (Easy) - Statistics

General Stats
  • This quiz has been taken 32 times
  • The average score is 11 of 11
Answer Stats
Colors % Correct
Blue
100%
Dark
100%
Orange
100%
Pink
100%
Black
97%
Green
97%
Red
97%
White
97%
Yellow
97%
Purple
93%
Light
83%
No matching quizzes found
Score Distribution
Percent of People with Each Score
Percentile by Number Answered
Your Score History
You have not taken this quiz